[Event "CYCC U16"]
[Site "Richmond Hill CAN"]
[Date "2011.07.08"]
[Round "5"]
[White "Bouchard, Cole"]
[Black "Serenko, Vlad"]
[Result "0-1"]
[WhiteElo "552"]
[BlackElo "936"]
[PlyCount "96"]
[GameId "2160767909704033"]
[EventDate "2011.07.06"]
[EventType "swiss"]
[EventRounds "7"]
[EventCountry "CAN"]
[SourceTitle "EXT 2022"]
[Source "ChessBase"]
[SourceDate "2021.10.06"]
[SourceVersion "1"]
[SourceVersionDate "2021.10.06"]
[SourceQuality "1"]

1. Nf3 d5 2. d4 f6 3. e3 Nc6 4. Nbd2 Bf5 5. Bd3 Qd7 6. Nh4 Bxd3 7. cxd3 e5 8. b3 exd4 9. O-O O-O-O 10. Rb1 Be7 11. Ndf3 f5 12. Nxd4 Bxh4 13. Qc2 Nxd4 14. exd4 h6 15. b4 Ne7 16. b5 Kb8 17. Rb3 f4 18. Ba3 Nf5 19. Bc5 b6 20. Ra3 Qxb5 21. Qe2 bxc5 22. Qe5 Qd7 23. dxc5 Bf6 24. Qe1 Nd4 25. Qd1 Qb5 26. Ra4 Qxc5 27. Rxa7 Qxa7 28. Qb3+ Nxb3 29. axb3 Qa3 30. Rb1 Rd6 31. Kf1 Qa2 32. Rd1 Qxb3 33. Rd2 Qc3 34. Rd1 Rb6 35. Ke2 Rb2+ 36. Kf3 Rd2 37. Re1 Qxd3+ 38. Kg4 Re2 39. Kxf4 Rxe1 40. f3 Be7 41. Kg3 Bd6+ 42. Kg4 Qd4+ 43. Kh3 Re5 44. g3 Rh5+ 45. Kg2 Qb2+ 46. Kf1 Re8 47. g4 Rhe5 48. Kg1 Re1# 0-1

[Event "CYCC U16"]
[Site "Richmond Hill CAN"]
[Date "2011.07.08"]
[Round "5"]
[White "Grynszpan, Alexander"]
[Black "Peters, Nicholas"]
[Result "1-0"]
[WhiteElo "1162"]
[BlackElo "931"]
[PlyCount "105"]
[GameId "2160767909704034"]
[EventDate "2011.07.06"]
[EventType "swiss"]
[EventRounds "7"]
[EventCountry "CAN"]
[SourceTitle "EXT 2022"]
[Source "ChessBase"]
[SourceDate "2021.10.06"]
[SourceVersion "1"]
[SourceVersionDate "2021.10.06"]
[SourceQuality "1"]

1. d4 d5 2. c4 e6 3. Nc3 Bb4 4. Bd2 dxc4 5. e3 Bxc3 6. Bxc3 Qd5 7. Nf3 Nf6 8. Qc2 O-O 9. Bb4 Re8 10. Bxc4 Qc6 11. Rc1 Qe4 12. Bd3 Qc6 13. Bb5 Qxb5 14. Ba3 c6 15. e4 Nbd7 16. e5 Nd5 17. Ng5 g6 18. Ne4 Qb6 19. O-O Qxd4 20. Bd6 Nxe5 21. Rfd1 Nd3 22. Qxd3 Qxb2 23. Rc2 Qb5 24. Qd2 Kg7 25. Be5+ f6 26. Nd6 Qb4 27. Nxe8+ Kf8 28. Qxb4+ Nxb4 29. Bd6+ Kxe8 30. Bxb4 Bd7 31. Rcd2 Rd8 32. Bc3 f5 33. Bf6 Rc8 34. Rxd7 b5 35. Rxh7 c5 36. Rh8+ Kf7 37. Rxc8 Kxf6 38. Rxc5 b4 39. Ra5 b3 40. axb3 g5 41. Rxa7 f4 42. f3 Kf5 43. Ra5+ e5 44. Re1 g4 45. Rexe5+ Kf6 46. Reb5 Ke6 47. fxg4 f3 48. gxf3 Kd6 49. Rh5 Kc6 50. Ra6+ Kb7 51. Rg6 Kc7 52. Rh7+ Kc8 53. Rg8# 1-0

[Event "CYCC U16"]
[Site "Richmond Hill CAN"]
[Date "2011.07.08"]
[Round "5"]
[White "Inigo, Aquino"]
[Black "Zhang, David"]
[Result "0-1"]
[WhiteElo "2088"]
[BlackElo "2138"]
[PlyCount "79"]
[GameId "2160767909704035"]
[EventDate "2011.07.06"]
[EventType "swiss"]
[EventRounds "7"]
[EventCountry "CAN"]
[SourceTitle "EXT 2022"]
[Source "ChessBase"]
[SourceDate "2021.10.06"]
[SourceVersion "1"]
[SourceVersionDate "2021.10.06"]
[SourceQuality "1"]

1. d4 Nf6 2. c4 g6 3. Nc3 d5 4. cxd5 Nxd5 5. e4 Nxc3 6. bxc3 Bg7 7. Nf3 c5 8. Be2 O-O 9. Rb1 Nc6 10. d5 Bxc3+ 11. Bd2 Bxd2+ 12. Qxd2 Na5 13. h4 Bg4 14. Qh6 Bxf3 15. gxf3 e5 16. h5 g5 17. Rg1 f6 18. f4 exf4 19. e5 Kh8 20. exf6 Qxf6 21. Qxf6+ Rxf6 22. Rxg5 Rg8 23. Re5 Rg1+ 24. Bf1 Kg7 25. f3 h6 26. Kf2 Rg5 27. Rbe1 Rd6 28. Re7+ Kf6 29. R7e6+ Rxe6 30. Rxe6+ Kg7 31. Re7+ Kf8 32. d6 Rd5 33. Re6 c4 34. Rxh6 c3 35. Rh8+ Kg7 36. Rc8 Nc6 37. Rc7+ Kh6 38. Bc4 c2 39. Rxc6 bxc6 40. Bxd5 0-1

[Event "CYCC U16"]
[Site "Richmond Hill CAN"]
[Date "2011.07.08"]
[Round "5"]
[White "Li, Ruokai (David)"]
[Black "Myers, Joshua"]
[Result "1/2-1/2"]
[WhiteElo "1921"]
[BlackElo "1680"]
[PlyCount "99"]
[GameId "2160767909704036"]
[EventDate "2011.07.06"]
[EventType "swiss"]
[EventRounds "7"]
[EventCountry "CAN"]

1. e4 c6 2. d4 d5 3. e5 Bf5 4. Nc3 a6 5. f4 e6 6. Nf3 c5 7. Be3 Nd7 8. Qd2 Rc8 9. h3 Ne7 10. g4 Bg6 11. Bg2 Nc6 12. Rf1 Qb6 13. O-O-O Na5 14. Na4 Qc7 15. f5 Nc4 16. Qc3 Nxe3 17. Qxe3 exf5 18. e6 fxe6 19. Qxe6+ Be7 20. Rde1 Nf6 21. dxc5 Bf7 22. Qxf5 O-O 23. Ne5 Bxc5 24. g5 Ne4 25. Bxe4 dxe4 26. Qxe4 Bxa2 27. Nc3 Rxf1 28. Rxf1 Bd6 29. Ng4 Bc4 30. Rf3 Qe7 31. h4 Qxe4 32. Nxe4 Be2 33. Nxd6 Bxf3 34. Nxc8 Bxg4 35. Nd6 Bf3 36. Kd2 h6 37. Ke3 Bh1 38. Kf4 Kh7 39. Kf5 Bg2 40. c3 Bh3+ 41. Kf4 b6 42. Nc4 b5 43. Nd6 Kg6 44. b4 Bd7 45. Ne4 Kh5 46. gxh6 Kxh6 47. Nc5 Bc8 48. Kg3 Kh5 49. Nd3 Kg6 50. Kf4 1/2-1/2

[Event "CYCC U16"]
[Site "Richmond Hill CAN"]
[Date "2011.07.08"]
[Round "5"]
[White "Nasir, Pi"]
[Black "Marinkovic, Mate"]
[Result "0-1"]
[WhiteElo "1599"]
[BlackElo "2226"]
[PlyCount "100"]
[GameId "2160767909704037"]
[EventDate "2011.07.06"]
[EventType "swiss"]
[EventRounds "7"]
[EventCountry "CAN"]
[SourceTitle "EXT 2022"]
[Source "ChessBase"]
[SourceDate "2021.10.06"]
[SourceVersion "1"]
[SourceVersionDate "2021.10.06"]
[SourceQuality "1"]

1. e4 c5 2. Nf3 e6 3. Nc3 Nc6 4. d4 cxd4 5. Nxd4 Qc7 6. Be3 a6 7. Be2 Nf6 8. a3 Be7 9. O-O d6 10. Qd2 Bd7 11. Rad1 Nxd4 12. Bxd4 Bc6 13. Qe3 b5 14. e5 dxe5 15. Bxe5 Qb7 16. Qg3 O-O 17. Rd4 Rfd8 18. Rh4 Ne8 19. Rh3 f6 20. Bf4 Bf8 21. Bd3 g6 22. Bh6 Ng7 23. Ne2 e5 24. Bxg7 Qxg7 25. Qe3 Bd7 26. Be4 Rac8 27. Qb3+ Kh8 28. Rc3 f5 29. Bb7 Rb8 30. Bc6 Qe7 31. Bxd7 Rxd7 32. Rd3 Rxd3 33. Qxd3 Rd8 34. Qb3 Bg7 35. Nc3 Qc5 36. Qe6 Qd6 37. Qf7 e4 38. Qb3 Qc5 39. Nd1 Qc4 40. Qxc4 bxc4 41. Ne3 Bxb2 42. Nxc4 Bd4 43. Nd2 Rc8 44. Nb3 Be5 45. Rd1 Rxc2 46. Rd5 Rb2 47. Nd2 Bc3 48. Nf1 Be1 49. h3 Bxf2+ 50. Kh2 e3 0-1

[Event "CYCC U16"]
[Site "Richmond Hill CAN"]
[Date "2011.07.08"]
[Round "5"]
[White "Song, Lin"]
[Black "Wu, Kevin"]
[Result "0-1"]
[WhiteElo "1882"]
[BlackElo "2087"]
[PlyCount "79"]
[GameId "2160767909704039"]
[EventDate "2011.07.06"]
[EventType "swiss"]
[EventRounds "7"]
[EventCountry "CAN"]
[SourceTitle "EXT 2022"]
[Source "ChessBase"]
[SourceDate "2021.10.06"]
[SourceVersion "1"]
[SourceVersionDate "2021.10.06"]
[SourceQuality "1"]

1. e4 c5 2. Na3 a6 3. c3 d5 4. exd5 Qxd5 5. Nf3 Nf6 6. Bc4 Qd6 7. Be2 Nc6 8. Nc4 Qc7 9. d3 b5 10. Ne3 e6 11. Bd2 Bd6 12. h3 Bb7 13. Qc2 Ne5 14. Ng5 h6 15. Ne4 Nxe4 16. dxe4 Qc6 17. f3 Ng6 18. O-O-O c4 19. Kb1 a5 20. Be1 Bc5 21. Ng4 Qc7 22. g3 O-O 23. Rf1 Ra7 24. f4 f5 25. exf5 exf5 26. Ka1 Be4 27. Qd2 fxg4 28. Bxg4 Ra6 29. Bf2 Rd6 30. Qe1 Rxd1+ 31. Bxd1 Bd3 32. Rh1 Bxf2 33. Qxf2 Qc6 34. Bf3 Be4 35. Bxe4 Qxe4 36. Re1 Qd5 37. Qa7 Rd8 38. a3 b4 39. cxb4 axb4 40. Qb6 0-1

[Event "CYCC U16"]
[Site "Richmond Hill CAN"]
[Date "2011.07.08"]
[Round "6"]
[White "Grynszpan, Alexander"]
[Black "Dawson, Mitchell"]
[Result "0-1"]
[WhiteElo "1162"]
[BlackElo "1362"]
[PlyCount "116"]
[GameId "2160767909704040"]
[EventDate "2011.07.06"]
[EventType "swiss"]
[EventRounds "7"]
[EventCountry "CAN"]
[SourceTitle "EXT 2022"]
[Source "ChessBase"]
[SourceDate "2021.10.06"]
[SourceVersion "1"]
[SourceVersionDate "2021.10.06"]
[SourceQuality "1"]

1. d4 d5 2. c4 e6 3. Nc3 Nf6 4. Bg5 Bb4 5. Qc2 c6 6. e3 Nbd7 7. Bd3 h6 8. Bh4 Be7 9. Nf3 dxc4 10. Bxc4 Nd5 11. Bxe7 Qxe7 12. O-O O-O 13. Ne2 N7b6 14. Bxd5 cxd5 15. Rac1 Qb4 16. a3 Qa4 17. Nf4 Qxc2 18. Rxc2 Nc4 19. Ra1 Bd7 20. b3 Na5 21. Rc3 Rfc8 22. Rac1 Nxb3 23. Rxc8+ Rxc8 24. Rxc8+ Bxc8 25. Ne5 Kf8 26. Nh5 Nd2 27. f3 Nb1 28. a4 Nc3 29. a5 Na2 30. Nd3 Bd7 31. Nc5 Bc6 32. Ng3 Nc3 33. Kf2 Ke7 34. e4 dxe4 35. fxe4 b6 36. axb6 axb6 37. Nd3 Nxe4+ 38. Nxe4 Bxe4 39. Nb4 f5 40. g3 Kd6 41. Ke3 g5 42. g4 Bd5 43. gxf5 exf5 44. Kf2 Be4 45. Ke3 b5 46. Kf2 h5 47. Kg3 h4+ 48. Kf2 Kc7 49. Ke3 Kb6 50. Kd2 Ka5 51. Kc3 Bb7 52. d5 g4 53. d6 Bc8 54. Nc6+ Kb6 55. Ne7 Bd7 56. Nd5+ Kc6 57. Nf6 Kxd6 58. Nxg4 fxg4 0-1

[Event "CYCC U16"]
[Site "Richmond Hill CAN"]
[Date "2011.07.08"]
[Round "6"]
[White "Luo, Zhao Yang"]
[Black "Inigo, Aquino"]
[Result "0-1"]
[WhiteElo "1894"]
[BlackElo "2088"]
[PlyCount "72"]
[GameId "2160767909704042"]
[EventDate "2011.07.06"]
[EventType "swiss"]
[EventRounds "7"]
[EventCountry "CAN"]
[SourceTitle "EXT 2022"]
[Source "ChessBase"]
[SourceDate "2021.10.06"]
[SourceVersion "1"]
[SourceVersionDate "2021.10.06"]
[SourceQuality "1"]

1. d4 d5 2. Nf3 Nf6 3. Nbd2 e6 4. e3 c5 5. b3 Nc6 6. Bb2 Bd6 7. a3 cxd4 8. exd4 O-O 9. Bd3 b6 10. O-O Bb7 11. Ne5 Bxe5 12. dxe5 Nd7 13. Qh5 h6 14. f4 Nc5 15. Be2 Ba6 16. Bxa6 Nxa6 17. Rfd1 Ne7 18. Rac1 Nc5 19. b4 Na4 20. Ba1 b5 21. c4 bxc4 22. Nxc4 Rc8 23. Qe2 Qc7 24. Nd6 Qxc1 25. Rxc1 Rxc1+ 26. Kf2 Rxa1 27. Qd3 Nc8 28. Qa6 Ncb6 29. Qxa7 Rxa3 30. b5 Ra2+ 31. Kg3 d4 32. Qe7 Nd5 33. Qd7 Nab6 34. Qc6 d3 35. Qc1 d2 36. Qd1 Ne3 0-1

[Event "CYCC U16"]
[Site "Richmond Hill CAN"]
[Date "2011.07.08"]
[Round "6"]
[White "Serenko, Vlad"]
[Black "Nasir, Pi"]
[Result "0-1"]
[WhiteElo "936"]
[BlackElo "1599"]
[PlyCount "142"]
[GameId "2160767909704044"]
[EventDate "2011.07.06"]
[EventType "swiss"]
[EventRounds "7"]
[EventCountry "CAN"]
[SourceTitle "EXT 2022"]
[Source "ChessBase"]
[SourceDate "2021.10.06"]
[SourceVersion "1"]
[SourceVersionDate "2021.10.06"]
[SourceQuality "1"]

1. e4 e6 2. d4 d5 3. Nc3 Nf6 4. f3 Bb4 5. e5 Nfd7 6. a3 Bxc3+ 7. bxc3 c5 8. Bd2 cxd4 9. cxd4 Qh4+ 10. g3 Qxd4 11. f4 Qe4+ 12. Qe2 Qxh1 13. Nf3 Nc6 14. Bc3 Nc5 15. Kd2 Ne4+ 16. Kd3 b6 17. Bg2 Ba6+ 18. Ke3 Qxa1 19. Bxa1 Bxe2 20. Kxe2 O-O 21. Nh4 Rac8 22. Kd3 Na5 23. Bh3 Nf2+ 24. Ke3 Nxh3 25. f5 Nc4+ 26. Kd4 Nf2 27. f6 Nxa3 28. Ke3 Ng4+ 29. Kf4 Rc4+ 30. Kf3 Nxe5+ 31. Bxe5 Rxh4 32. gxh4 gxf6 33. Bxf6 Nxc2 34. Ke2 Rc8 35. Kd3 Nb4+ 36. Ke3 Nc6 37. h5 d4+ 38. Kd3 e5 39. h6 b5 40. Bxe5 Nxe5+ 41. Kxd4 Ng4 42. Ke4 Nxh6 43. h3 Kg7 44. h4 Rc4+ 45. Kd5 Rxh4 46. Kc5 a6 47. Kb6 Ra4 48. Kc5 f5 49. Kd5 Kf6 50. Kc5 Ng8 51. Kd6 h5 52. Kd5 h4 53. Kc5 h3 54. Kb6 h2 55. Kc5 f4 56. Kd5 Kf5 57. Kc5 f3 58. Kd5 h1=N 59. Kc5 Ng3 60. Kd5 f2 61. Kc5 f1=B 62. Kc6 b4 63. Kc5 b3 64. Kd6 b2 65. Kc5 b1=Q 66. Kd6 Ne4+ 67. Kc6 Bb5+ 68. Kb6 Qg1+ 69. Kc7 Qa7+ 70. Kc8 Ne7+ 71. Kd8 Rd4# 0-1

[Event "CYCC U16"]
[Site "Richmond Hill CAN"]
[Date "2011.07.08"]
[Round "6"]
[White "Wu, Kevin"]
[Black "Myers, Joshua"]
[Result "1-0"]
[WhiteElo "2087"]
[BlackElo "1680"]
[PlyCount "29"]
[GameId "2160767909704045"]
[EventDate "2011.07.06"]
[EventType "swiss"]
[EventRounds "7"]
[EventCountry "CAN"]
[SourceTitle "EXT 2022"]
[Source "ChessBase"]
[SourceDate "2021.10.06"]
[SourceVersion "1"]
[SourceVersionDate "2021.10.06"]
[SourceQuality "1"]

1. e4 c6 2. d4 d5 3. f3 dxe4 4. fxe4 e5 5. Nf3 Bg4 6. Bc4 Nf6 7. Bxf7+ Kxf7 8. Nxe5+ Kg8 9. Nxg4 Nxe4 10. O-O Nd7 11. Nh6+ gxh6 12. Qg4+ Ng5 13. Bxg5 hxg5 14. Qe6+ Kg7 15. Rf7+ 1-0

[Event "CYCC U16"]
[Site "Richmond Hill CAN"]
[Date "2011.07.08"]
[Round "6"]
[White "Zhang, David"]
[Black "Sohal, Tanraj"]
[Result "1-0"]
[WhiteElo "2138"]
[BlackElo "2177"]
[PlyCount "175"]
[GameId "2160767909704046"]
[EventDate "2011.07.06"]
[EventType "swiss"]
[EventRounds "7"]
[EventCountry "CAN"]
[SourceTitle "EXT 2022"]
[Source "ChessBase"]
[SourceDate "2021.10.06"]
[SourceVersion "1"]
[SourceVersionDate "2021.10.06"]
[SourceQuality "1"]

1. e4 c5 2. Nf3 e6 3. d4 cxd4 4. Nxd4 Nf6 5. Nc3 Nc6 6. Ndb5 d6 7. Bf4 e5 8. Bg5 a6 9. Na3 Be6 10. Nc4 Rc8 11. Bxf6 Qxf6 12. Nb6 Rb8 13. Ncd5 Qg6 14. f3 Be7 15. Nc7+ Kd8 16. Ncd5 f5 17. Nxe7 Kxe7 18. exf5 Qxf5 19. Qd2 d5 20. Nxd5+ Bxd5 21. Qxd5 Qxc2 22. Bc4 Qg6 23. Rd1 Rhd8 24. Qc5+ Ke8 25. O-O Rxd1 26. Rxd1 Rd8 27. Rxd8+ Kxd8 28. Qd5+ Ke7 29. Bd3 Qg5 30. Qc5+ Kd7 31. Bxh7 Nd4 32. Qd5+ Kc7 33. Qf7+ Kc8 34. h4 Ne2+ 35. Kf2 Qxh4+ 36. Kxe2 Qxh7 37. Qe8+ Kc7 38. Qxe5+ Kc8 39. a3 Qc2+ 40. Kf1 Qb1+ 41. Kf2 Qc2+ 42. Kg3 Qg6+ 43. Kh3 Qf7 44. Kg4 Qc4+ 45. f4 Qg8 46. g3 Kd7 47. Kg5 Qh8 48. Qd5+ Kc7 49. Qf7+ Kb8 50. g4 Qh6+ 51. Kf5 Qh7+ 52. Qg6 Qg8 53. Qd6+ Ka8 54. g5 Qf7+ 55. Kg4 g6 56. Qd8+ Ka7 57. Qd4+ Ka8 58. Kf3 Qb3+ 59. Ke4 Qe6+ 60. Kd3 Qb3+ 61. Kd2 Qf7 62. Qe5 Qg8 63. Kc3 Qf7 64. Kd4 Qb3 65. Kc5 Qd3 66. Qh8+ Ka7 67. Qd4 b6+ 68. Kd5 Qf5+ 69. Qe5 Qd7+ 70. Ke4 Qa4+ 71. Qd4 Qe8+ 72. Kf3 Qe6 73. Qf6 Qh3+ 74. Ke4 Qg2+ 75. Kd3 Qd5+ 76. Qd4 Qf3+ 77. Kc4 Qc6+ 78. Kb3 Qe6+ 79. Qc4 Qe3+ 80. Ka2 a5 81. Qf7+ Ka6 82. f5 gxf5 83. g6 f4 84. g7 f3 85. g8=Q f2 86. Qa8+ Kb5 87. Qfd5+ Qc5 88. a4+ 1-0

[Event "CYCC U16"]
[Site "Richmond Hill CAN"]
[Date "2011.07.08"]
[Round "7"]
[White "Gusev, Nikita"]
[Black "Inigo, Aquino"]
[Result "0-1"]
[WhiteElo "2223"]
[BlackElo "2088"]
[PlyCount "72"]
[GameId "2160767909704048"]
[EventDate "2011.07.06"]
[EventType "swiss"]
[EventRounds "7"]
[EventCountry "CAN"]
[SourceTitle "EXT 2022"]
[Source "ChessBase"]
[SourceDate "2021.10.06"]
[SourceVersion "1"]
[SourceVersionDate "2021.10.06"]
[SourceQuality "1"]

1. e4 e6 2. d4 d5 3. Nc3 Bb4 4. e5 c5 5. a3 Bxc3+ 6. bxc3 Ne7 7. Qg4 O-O 8. Bd3 f5 9. exf6 Rxf6 10. Bg5 Rf7 11. Qh4 h6 12. Bd2 Nbc6 13. Nf3 c4 14. Be2 Bd7 15. g4 Ng6 16. Qg3 Qb8 17. g5 h5 18. Qh3 e5 19. Qxh5 Bf5 20. Nh4 Nxh4 21. Qxh4 exd4 22. cxd4 Bxc2 23. Qg4 Be4 24. g6 Rf6 25. f3 Bxg6 26. h4 Qe8 27. Ra2 Bh5 28. Qg3 Bxf3 29. Rh2 Nxd4 30. Bc3 Bxe2 31. Bxd4 Rf1+ 32. Kd2 Rd1+ 33. Kc3 Rd3+ 34. Qxd3 cxd3 35. Rg2 Rc8+ 36. Kd2 Rc7 0-1

[Event "CYCC U16"]
[Site "Richmond Hill CAN"]
[Date "2011.07.08"]
[Round "7"]
[White "Marinkovic, Mate"]
[Black "Wu, Kevin"]
[Result "0-1"]
[WhiteElo "2226"]
[BlackElo "2087"]
[PlyCount "78"]
[GameId "2160767909704050"]
[EventDate "2011.07.06"]
[EventType "swiss"]
[EventRounds "7"]
[EventCountry "CAN"]
[SourceTitle "EXT 2022"]
[Source "ChessBase"]
[SourceDate "2021.10.06"]
[SourceVersion "1"]
[SourceVersionDate "2021.10.06"]
[SourceQuality "1"]

1. c4 e5 2. g3 Nc6 3. Bg2 g6 4. Nc3 Bg7 5. e4 Nge7 6. Nge2 O-O 7. O-O d6 8. d3 f5 9. Nd5 Nxd5 10. cxd5 Ne7 11. Be3 c6 12. dxc6 bxc6 13. exf5 gxf5 14. Qb3+ Rf7 15. f4 Qc7 16. fxe5 Rb8 17. Qc2 dxe5 18. Rac1 Ba6 19. b3 Rd8 20. Rcd1 Qd7 21. Nc1 Nd5 22. Bg5 Rc8 23. Bh3 h6 24. Bd2 Rd8 25. Rf3 Rdf8 26. Re1 Qb7 27. Qc5 Qd7 28. Qa5 Bb7 29. b4 c5 30. Rff1 Nxb4 31. Bxb4 Qd5 32. Bxc5 Qh1+ 33. Kf2 Qxh2+ 34. Ke3 f4+ 35. gxf4 exf4+ 36. Rxf4 Qxf4+ 37. Ke2 Bf3+ 38. Kf1 Bg4+ 39. Kg1 Bxh3 0-1

[Event "CYCC U16 w"]
[Site "Richmond Hill CAN"]
[Date "2011.07.06"]
[Round "1"]
[White "Moayyed, Kimia"]
[Black "Yu, Kexin"]
[Result "0-1"]
[WhiteElo "1140"]
[BlackElo "1554"]
[PlyCount "94"]
[GameId "2160767909704052"]
[EventDate "2011.07.06"]
[EventType "swiss"]
[EventRounds "7"]
[EventCountry "CAN"]
[SourceTitle "EXT 2022"]
[Source "ChessBase"]
[SourceDate "2021.10.06"]
[SourceVersion "1"]
[SourceVersionDate "2021.10.06"]
[SourceQuality "1"]

1. e4 e5 2. Nf3 Nc6 3. Nc3 Nf6 4. Bb5 Bc5 5. Nxe5 Nxe5 6. d4 Bd6 7. dxe5 Bxe5 8. O-O O-O 9. Bg5 h6 10. Bh4 g5 11. Bxg5 hxg5 12. Qf3 d6 13. h3 Qe7 14. Rfe1 Bd7 15. Bd3 Bc6 16. Qf5 Nd7 17. Nd5 Bxd5 18. exd5 f6 19. Re4 Nc5 20. Rg4 Nxd3 21. cxd3 Qh7 22. Qe6+ Kh8 23. d4 Rae8 24. dxe5 Rxe6 25. dxe6 dxe5 26. Rd1 Qe7 27. Rd7 Qxe6 28. Rxc7 Rf7 29. Rc5 Qxa2 30. Rb4 Qb1+ 31. Kh2 Qe1 32. Ra4 Qxf2 33. Rc8+ Kg7 34. Rg4 Kg6 35. Rg3 e4 36. Rb3 b6 37. Rb5 e3 38. Rg8+ Rg7 39. Re8 e2 40. Rb4 e1=Q 41. Rxe1 Qxe1 42. g4 Qxb4 43. Kg3 Qf4+ 44. Kg2 Rd7 45. b3 Rd2+ 46. Kg1 Qg3+ 47. Kf1 Qf2# 0-1

[Event "CYCC U16 w"]
[Site "Richmond Hill CAN"]
[Date "2011.07.06"]
[Round "1"]
[White "Yun, Chang"]
[Black "Ding, Jill"]
[Result "1/2-1/2"]
[WhiteElo "1572"]
[BlackElo "1277"]
[PlyCount "126"]
[GameId "2160767909704053"]
[EventDate "2011.07.06"]
[EventType "swiss"]
[EventRounds "7"]
[EventCountry "CAN"]
[SourceTitle "EXT 2022"]
[Source "ChessBase"]
[SourceDate "2021.10.06"]
[SourceVersion "1"]
[SourceVersionDate "2021.10.06"]
[SourceQuality "1"]

1. e4 c5 2. Nf3 d6 3. d4 cxd4 4. Nxd4 Nf6 5. Nc3 a6 6. Be2 e5 7. Nb3 Be6 8. O-O Be7 9. Be3 Nbd7 10. f4 Qc7 11. f5 Bxb3 12. axb3 O-O 13. Bf3 b5 14. Rf2 Nb6 15. g4 Rfd8 16. g5 Ne8 17. Bg2 Bf8 18. Qh5 b4 19. Bxb6 Qxb6 20. Nd5 Qb7 21. Rf3 Nc7 22. Rh3 h6 23. gxh6 Nxd5 24. hxg7 Bxg7 25. exd5 f6 26. Kh1 Kf8 27. Rg1 Qf7 28. Qh7 Ke7 29. Be4 Rg8 30. Rhg3 Kf8 31. R1g2 a5 32. h4 Ra7 33. h5 Rh8 34. Qg6 Qxg6 35. Rxg6 Rxh5+ 36. Rh2 Rxh2+ 37. Kxh2 Kf7 38. Kg3 Ra8 39. Bf3 Rh8 40. Rg4 Rc8 41. Be4 Bh6 42. Rh4 Rg8+ 43. Kf2 Bc1 44. Rh7+ Rg7 45. Rxg7+ Kxg7 46. Ke2 Kf7 47. Kd3 Ke7 48. Kc4 Kd7 49. c3 Bxb2 50. cxb4 axb4 51. Kxb4 Kc7 52. Kb5 Bd4 53. Bd3 Kb7 54. Be2 e4 55. Bh5 e3 56. Kc4 Bb6 57. Kb5 Ba7 58. Be2 Bb6 59. b4 Ba7 60. Bd3 Bb6 61. Be2 Ba7 62. Bf1 Bb6 63. Kc4 Ba7 1/2-1/2

[Event "CYCC U16 w"]
[Site "Richmond Hill CAN"]
[Date "2011.07.06"]
[Round "2"]
[White "Ding, Jill"]
[Black "Moghtader, Yasamin"]
[Result "1-0"]
[WhiteElo "1277"]
[BlackElo "1535"]
[PlyCount "113"]
[GameId "2160767909704054"]
[EventDate "2011.07.06"]
[EventType "swiss"]
[EventRounds "7"]
[EventCountry "CAN"]
[SourceTitle "EXT 2022"]
[Source "ChessBase"]
[SourceDate "2021.10.06"]
[SourceVersion "1"]
[SourceVersionDate "2021.10.06"]
[SourceQuality "1"]

1. e4 e5 2. Nf3 Nc6 3. Bc4 Bc5 4. c3 Nf6 5. d4 d5 6. exd5 e4 7. Nfd2 Na5 8. dxc5 Nxc4 9. Nxc4 Bg4 10. Qc2 Qxd5 11. Ne3 Qg5 12. c4 O-O 13. Nxg4 Qxg4 14. O-O Nh5 15. Nc3 f5 16. Qe2 Qg6 17. b4 Rae8 18. Nd5 f4 19. f3 exf3 20. Qxf3 Re4 21. Bd2 c6 22. Nc3 Rxc4 23. Ne2 Rf5 24. Qb3 Qf7 25. Rac1 f3 26. Qxc4 f2+ 27. Kh1 Rd5 28. Be3 b5 29. cxb6 axb6 30. Bxb6 Re5 31. Qxf7+ Kxf7 32. Rxf2+ Nf6 33. Rxc6 Ke8 34. a4 Ng4 35. Kg1 Rd5 36. Rf1 Rd2 37. Ng3 Kd7 38. Rcc1 Nf6 39. Rfd1 Rxd1+ 40. Rxd1+ Kc6 41. Bc5 Nd5 42. Kf2 g6 43. a5 Nc7 44. Ke3 Kb5 45. Rd6 Na6 46. Rb6+ Kc4 47. Rxa6 h5 48. Rb6 h4 49. Ne2 g5 50. a6 g4 51. a7 h3 52. gxh3 g3 53. hxg3 Kb3 54. a8=Q Kb2 55. Bd4+ Kb3 56. Qd5+ Ka4 57. Qa2# 1-0

[Event "CYCC U16 w"]
[Site "Richmond Hill CAN"]
[Date "2011.07.06"]
[Round "2"]
[White "Plotkin, Rina"]
[Black "Moayyed, Kimia"]
[Result "1-0"]
[WhiteElo "1402"]
[BlackElo "1140"]
[PlyCount "65"]
[GameId "2160767909704055"]
[EventDate "2011.07.06"]
[EventType "swiss"]
[EventRounds "7"]
[EventCountry "CAN"]
[SourceTitle "EXT 2022"]
[Source "ChessBase"]
[SourceDate "2021.10.06"]
[SourceVersion "1"]
[SourceVersionDate "2021.10.06"]
[SourceQuality "1"]

1. e4 e5 2. Nf3 Nc6 3. Bb5 Nf6 4. Nc3 Bb4 5. d3 d6 6. a3 Ba5 7. O-O O-O 8. Bg5 Bxc3 9. bxc3 Bg4 10. Re1 h6 11. Bh4 Qe7 12. Re3 Rad8 13. d4 Qe6 14. d5 Qe7 15. dxc6 a6 16. Ba4 b6 17. Qd3 Qe6 18. Bb3 d5 19. exd5 Rxd5 20. Bxd5 Nxd5 21. Rxe5 Qxc6 22. Rxd5 Be6 23. Rd4 Re8 24. Rd8 g6 25. Rxe8+ Qxe8 26. Re1 Qc6 27. Bf6 Kh7 28. Qd8 g5 29. Qh8+ Kg6 30. Ne5+ Kf5 31. Nxc6 Bd5 32. Qxh6 Bxc6 33. Qxg5# 1-0

[Event "CYCC U16 w"]
[Site "Richmond Hill CAN"]
[Date "2011.07.06"]
[Round "3"]
[White "Moayyed, Kimia"]
[Black "Wang, Yan"]
[Result "0-1"]
[WhiteElo "1140"]
[BlackElo "1594"]
[PlyCount "122"]
[GameId "2160767909704056"]
[EventDate "2011.07.06"]
[EventType "swiss"]
[EventRounds "7"]
[EventCountry "CAN"]
[SourceTitle "EXT 2022"]
[Source "ChessBase"]
[SourceDate "2021.10.06"]
[SourceVersion "1"]
[SourceVersionDate "2021.10.06"]
[SourceQuality "1"]

1. e4 c5 2. Nf3 Nc6 3. d4 cxd4 4. Nxd4 g6 5. Be3 Bg7 6. Nc3 d6 7. Bb5 Bd7 8. O-O Nf6 9. Re1 O-O 10. Bg5 a6 11. Ba4 Qa5 12. Bh4 Qb4 13. Nf3 Bg4 14. Qd3 Bxf3 15. Qxf3 Ne5 16. Qf4 Qxb2 17. Qe3 b5 18. Bb3 e6 19. a3 Rac8 20. Ne2 Neg4 21. Qf3 Qe5 22. Bg3 Qxe4 23. Qxe4 Nxe4 24. Rad1 Nxg3 25. Nxg3 d5 26. h3 Nf6 27. Rd4 Ne4 28. Rd3 Nc5 29. Rd2 Bc3 30. Red1 Bxd2 31. Rxd2 Nxb3 32. cxb3 Rc3 33. Rb2 Rfc8 34. Ne2 Rc2 35. Rxc2 Rxc2 36. Nd4 Rc3 37. f4 Rd3 38. Nc6 Rxb3 39. Ne7+ Kg7 40. g4 Rxh3 41. Kg2 Rc3 42. f5 Rc7 43. f6+ Kxf6 44. Ng8+ Kg7 45. Nh6 Kxh6 46. Kf3 Rc3+ 47. Kf4 Rxa3 48. g5+ Kg7 49. Ke5 Rc3 50. Kd4 Rc4+ 51. Kd3 b4 52. Kd2 b3 53. Kd3 f6 54. gxf6+ Kxf6 55. Kd2 Ke5 56. Ke3 Rc3+ 57. Kd2 Rh3 58. Kc1 Rh2 59. Kb1 Kd4 60. Ka1 Kc3 61. Kb1 Rh1# 0-1